000
00452nam a2200145Ia 4500
008
090124s9999 xx 000 0 und d
082
_b
206864
245
_a
जीव विकास की कहानी
250
_a
1
260
_b
शर्मा परमात्मा
_c
2004
300
_a
48
630
_a
जीव विकास की कहानी
730
_a
जीव विकास की कहानी
942
_c
BOOK
999
_c
188860
_d
188860